00522 a2200157 4500010001400000020002300014035001300037037001500050082001100065100002100076245006100097260004900158270006700207300003000274500006000304 aENG-89329 a1831303412c595.00 aEN-72862 bDBAD / PUB14a647.941 aMohanty, Pragati1 aHotel industry and tourism in India/cby Pragati Mohanty aNew DelhibAPH Publishing Corporationc2008 a4435-36/7, Ansari Road, Darya Ganj,bNew DelhicDelhie110002 axiv, 262 p.c22 cm ( Hb.) aIncludes appendix, bibliographical references and index